[Event "AUTO-OPEN-4111"]
[Site "http://www.queenalice.com/game.php?id=1589870"]
[Date "2019.11.12"]
[Round "1"]
[White "JailtonMaster"]
[Black "Billypiano"]
[Result "0-1"]
[WhiteElo "2134"]
[BlackElo "2069"]

1. e4 c5 2. Nf3 Nc6 3. Bc4 d6 4. c3 e6 5. d4 cxd4 6. cxd4 Nf6 7. Nc3 Be7 8. O-O
O-O 9. Re1 a6 10. a3 b5 11. Bd3 Bb7 12. d5 Nb8 13. dxe6 fxe6 14. Qc2 e5 15. Nd5
Nbd7 16. Nxe7+ Qxe7 17. Ng5 h6 18. Qb3+ Kh8 19. Ne6 Nc5 20. Nxf8 Rxf8 21. Qc2
Nxd3 22. Qxd3 Ng4 23. f3 Nf6 24. Be3 Nh5 25. Rad1 Rd8 26. g4 Nf4 27. Bxf4 exf4
28. e5 d5 29. Qd4 Qe6 30. Rc1 Re8 31. Rc7 Ba8 32. Qxf4 Qb6+ 0-1

[Event "AUTO-OPEN-4111"]
[Site "http://www.queenalice.com/game.php?id=1589871"]
[Date "2019.11.12"]
[Round "1"]
[White "Billypiano"]
[Black "JailtonMaster"]
[Result "0-1"]
[WhiteElo "2075"]
[BlackElo "2115"]

1. Nf3 d5 2. d4 Bg4 3. Ne5 Bf5 4. g4 Bg6 5. Nxg6 hxg6 6. Bg2 Qd6 7. h3 Nf6 8.
Nc3 c6 9. Bg5 Nbd7 10. Qd2 e5 11. O-O-O e4 12. Bf4 Qb4 13. e3 Nb6 14. a3 Qa5 15.
Na2 Qa4 16. Nc3 Qa6 17. Bf1 Nc4 18. Bxc4 dxc4 19. d5 cxd5 20. Nxd5 Nxd5 21. Qxd5
Be7 22. Qd7+ Kf8 23. Rd4 c3 24. bxc3 Qxa3+ 25. Kd2 g5 26. Bd6 Bxd6 27. Qxd6+
Qxd6 28. Rxd6 Ke7 29. Rd4 Rad8 30. Ke2 Rxd4 31. cxd4 Rh6 32. c4 Kd6 33. Kd2 f5
34. c5+ Kd5 35. Kc3 fxg4 36. Kb4 gxh3 37. Rh2 g4 0-1

[Event "AUTO-OPEN-4111"]
[Site "http://www.queenalice.com/game.php?id=1589882"]
[Date "2019.11.12"]
[Round "1"]
[White "Billypiano"]
[Black "Fredo"]
[Result "1-0"]
[WhiteElo "2059"]
[BlackElo "1958"]

1. Nf3 Nf6 2. d4 g6 3. c4 Bg7 4. Nc3 d5 5. e3 O-O 6. Bd3 Bg4 7. O-O dxc4 8. Bxc4
a6 9. b3 Nbd7 10. Re1 b5 11. Be2 b4 12. Nb1 a5 13. Bb2 Ne4 14. Nbd2 Ndf6 15. Rc1
c5 16. dxc5 Qc8 17. Bxf6 Nxf6 18. Bc4 Rd8 19. Qc2 e6 20. Be2 Bf5 21. Qc4 Bg4 22.
Ne4 Nxe4 23. Qxe4 Bf5 24. Qc4 Bc3 25. Red1 Qc6 26. Nd4 1-0

[Event "AUTO-OPEN-4111"]
[Site "http://www.queenalice.com/game.php?id=1589883"]
[Date "2019.11.12"]
[Round "1"]
[White "Fredo"]
[Black "Billypiano"]
[Result "0-1"]
[WhiteElo "1958"]
[BlackElo "2072"]

1. e4 c5 2. Nf3 Nc6 3. c3 d6 4. d4 cxd4 5. cxd4 Bg4 6. Bb5 a6 7. Ba4 b5 8. Bc2
e6 9. Be3 Nf6 10. Nbd2 Be7 11. O-O O-O 12. h3 Bh5 13. a3 Rc8 14. Rc1 e5 15. d5
Nb8 16. Re1 Nbd7 17. Nf1 Nc5 18. Bxc5 Rxc5 19. Ng3 Bg6 20. Nh4 Qb6 21. Nhf5 Re8
22. Qf3 Qa7 23. Nxe7+ Qxe7 24. Bb1 Rec8 25. Rxc5 Rxc5 26. Qb3 Qc7 27. f3 Qb6 28.
Ne2 Rc3+ 0-1

[Event "AUTO-OPEN-4117"]
[Site "http://www.queenalice.com/game.php?id=1592053"]
[Date "2019.12.5"]
[Round "1"]
[White "Walter"]
[Black "Billypiano"]
[Result "1-0"]
[WhiteElo "1703"]
[BlackElo "2052"]

1. e4 c5 2. Bc4 Nc6 3. Nf3 e6 4. a3 d5 5. exd5 exd5 6. Bb5 Bd6 7. Bxc6+ bxc6 8.
d3 Qe7+ 9. Qe2 Qxe2+ 10. Kxe2 Ne7 11. Re1 O-O 12. Kf1 Bg4 13. Nbd2 Rfe8 14. h3
Bh5 15. b3 Bg6 16. Bb2 a5 17. a4 Nf5 18. Rxe8+ Rxe8 19. Re1 f6 20. Rxe8+ Bxe8
21. c4 d4 22. Ne4 Be7 23. Ba3 Bh5 24. Nxc5 Bxf3 25. gxf3 h5 26. Ke2 g5 27. b4
Bxc5 28. bxc5 Kf7 29. Bc1 Nh4 30. Bd2 Ke6 31. Bxa5 Ng2 32. Bc7 Kf5 33. a5 g4 34.
fxg4+ hxg4 35. hxg4+ Kxg4 36. a6 1-0

[Event "AUTO-OPEN-4117"]
[Site "http://www.queenalice.com/game.php?id=1592054"]
[Date "2019.12.5"]
[Round "1"]
[White "Billypiano"]
[Black "Walter"]
[Result "1-0"]
[WhiteElo "2061"]
[BlackElo "1737"]

1. Nf3 c5 2. c4 Nf6 3. Nc3 d5 4. cxd5 Nxd5 5. e4 Nxc3 6. bxc3 Nc6 7. Bb5 Bd7 8.
O-O a6 9. Ba4 b5 10. Bc2 h6 11. d4 cxd4 12. cxd4 e6 13. Bb2 Be7 14. a3 f6 15. e5
fxe5 16. dxe5 Bc5 17. Bg6+ Ke7 18. Rc1 Bb6 19. Qd6# 1-0

[Event "AUTO-OPEN-4117"]
[Site "http://www.queenalice.com/game.php?id=1592077"]
[Date "2019.12.5"]
[Round "1"]
[White "Givanildo"]
[Black "Billypiano"]
[Result "0-1"]
[WhiteElo "1445"]
[BlackElo "2050"]

1. d4 d5 2. Bf4 Nf6 3. h3 e6 4. a3 Bd6 5. Bxd6 Qxd6 6. e3 O-O 7. Nf3 c5 8. Nc3
a6 9. dxc5 Qxc5 10. Bd3 Nc6 11. Na4 Qa5+ 12. c3 e5 13. b4 Qc7 14. Qc2 e4 15. Be2
exf3 16. Bxf3 Be6 17. Nc5 Ne5 18. Be2 Ned7 19. O-O-O Nxc5 20. bxc5 Qxc5 21. Rd4
Rac8 22. c4 Qxa3+ 23. Kd1 Ne4 24. Rxe4 dxe4 25. Bg4 Rfd8+ 26. Ke2 Bxc4+ 27. Ke1
Qa1+ 28. Bd1 Bd3 29. Qb3 Bc2 30. Qxc2 Rxc2 31. f3 Qxd1# 0-1

[Event "AUTO-OPEN-4117"]
[Site "http://www.queenalice.com/game.php?id=1592078"]
[Date "2019.12.5"]
[Round "1"]
[White "Billypiano"]
[Black "Givanildo"]
[Result "1-0"]
[WhiteElo "2022"]
[BlackElo "1561"]

1. Nf3 h6 2. e4 d5 3. exd5 Qxd5 4. Nc3 Qe6+ 5. Be2 Bd7 6. O-O a6 7. d4 Qd6 8.
Be3 e6 9. Ne5 Nc6 10. Nxd7 Qxd7 11. a3 Be7 12. Bd3 O-O-O 13. Ne2 Nf6 14. c4 Bd6
15. h3 e5 16. d5 Nd4 17. Nxd4 exd4 18. Bxd4 Rhe8 19. Qc2 Kb8 20. b4 Nh5 21. Rfe1
Rxe1+ 22. Rxe1 c6 23. c5 Bf4 24. d6 Bg5 25. Bf5 Re8 26. Bxd7 Rxe1+ 27. Kh2 Bf4+
28. g3 Bg5 29. Qc3 Rc1 30. Qf3 g6 31. Qxf7 Rc2 32. Qxg6 Nf6 33. Qxc2 Nxd7 34.
Qa4 Ka7 35. Qa5 Bd2 36. Qc7 Nb8 37. d7 Bg5 38. d8=Q Bxd8 39. Qxd8 h5 40. Be5 Nd7
41. Qxd7 a5 42. Qc7 Ka6 43. Qb6# 1-0

[Event "AUTO-OPEN-4117"]
[Site "http://www.queenalice.com/game.php?id=1592093"]
[Date "2019.12.5"]
[Round "1"]
[White "Billypiano"]
[Black "sia"]
[Result "0-1"]
[WhiteElo "1982"]
[BlackElo "1995"]

1. Nf3 e6 2. d4 d5 3. c4 c6 4. Nc3 dxc4 5. a4 Bb4 6. e4 Ne7 7. Bxc4 O-O 8. O-O
Qb6 9. Be3 Qa5 10. Qc2 Bxc3 11. Qxc3 Qxc3 12. bxc3 Nd7 13. Bd3 a6 14. h3 f5 15.
e5 Rd8 16. Bg5 Re8 17. a5 b5 18. Rfc1 Bb7 19. Be2 Ng6 20. Nh4 Nxh4 21. Bxh4 c5
22. Bf3 Bxf3 23. gxf3 Rac8 24. Kg2 Nb8 25. f4 cxd4 26. cxd4 Nc6 27. Rd1 Nb4 28.
Rab1 Nd5 29. Rbc1 Nxf4+ 30. Kh2 Rxc1 31. Rxc1 Ne2 32. Rd1 Rc8 33. Rd2 Nc1 34. f4
Nb3 0-1

[Event "AUTO-OPEN-4117"]
[Site "http://www.queenalice.com/game.php?id=1592094"]
[Date "2019.12.5"]
[Round "1"]
[White "sia"]
[Black "Billypiano"]
[Result "1-0"]
[WhiteElo "1950"]
[BlackElo "2013"]

1. e4 c5 2. d3 Nc6 3. Nf3 d6 4. Be2 Nf6 5. O-O Bg4 6. h3 Bxf3 7. Bxf3 e6 8. Bg5
Be7 9. Nc3 O-O 10. Re1 Ne5 11. Bxf6 Bxf6 12. Be2 a6 13. f4 Nc6 14. a3 Bd4+ 15.
Kh1 Qh4 16. Bg4 Rfe8 17. Rb1 b5 18. Qf3 Qd8 19. e5 d5 20. Ne2 c4 21. Nxd4 Nxd4
22. Qf2 Nc6 23. d4 Qb6 24. c3 a5 25. f5 b4 26. axb4 axb4 27. Qh4 b3 28. f6 Qb7
29. Qg5 1-0

[Event "AUTO-INT-3475"]
[Site "http://www.queenalice.com/game.php?id=1596514"]
[Date "2020.1.17"]
[Round "2"]
[White "askasl159"]
[Black "Billypiano"]
[Result "1/2-1/2"]
[WhiteElo "1703"]
[BlackElo "1994"]

1. e4 c5 2. c3 Nc6 3. d4 cxd4 4. cxd4 d6 5. d5 Nb8 6. Bc4 Nf6 7. Nc3 e5 8. Nge2
Be7 9. h3 O-O 10. f4 a6 11. O-O b5 12. Bb3 Nbd7 13. fxe5 Nxe5 14. a3 Bb7 15. Nd4
Nfd7 16. Nf3 Bf6 17. Nxe5 Bxe5 18. Bf4 Nc5 19. Bxe5 dxe5 20. Bc2 Qd6 21. b4 Nd7
22. Rf3 Nf6 23. a4 Qxb4 24. axb5 axb5 25. Rxa8 Rxa8 26. Qd3 Qd4+ 27. Qxd4 exd4
28. Nxb5 Ra1+ 29. Rf1 Rxf1+ 30. Kxf1 Ba6 31. Bd3 Nxe4 32. Bxe4 Bxb5+ 33. Ke1 Bd7
34. Kd2 f5 35. Bf3 g5 36. g4 f4 37. Kd3 Kf7 38. Kxd4 1/2-1/2

[Event "AUTO-INT-3475"]
[Site "http://www.queenalice.com/game.php?id=1596515"]
[Date "2020.1.17"]
[Round "2"]
[White "Billypiano"]
[Black "askasl159"]
[Result "1/2-1/2"]
[WhiteElo "2024"]
[BlackElo "1756"]

1. Nf3 d5 2. d4 c5 3. e3 Nc6 4. Bd3 cxd4 5. Nxd4 e5 6. Nb3 e4 7. Be2 Be7 8. O-O
Nf6 9. Nc3 O-O 10. Bd2 a6 11. Nb1 h6 12. c4 Be6 13. cxd5 Bxd5 14. Nc3 Bxb3 15.
axb3 Bb4 16. Qc2 Re8 17. Rad1 Qe7 18. Na2 Bxd2 19. Rxd2 Rad8 20. Rfd1 Rxd2 21.
Rxd2 Nb4 22. Nxb4 Qxb4 23. Qc3 Qb6 24. h3 Rd8 25. Bc4 Rxd2 26. Qxd2 Qc7 27. Qc3
Kf8 28. Qd4 b5 29. Bf1 Qc1 1/2-1/2

[Event "AUTO-INT-3475"]
[Site "http://www.queenalice.com/game.php?id=1596518"]
[Date "2020.1.17"]
[Round "2"]
[White "Nuzzera"]
[Black "Billypiano"]
[Result "0-1"]
[WhiteElo "1684"]
[BlackElo "1967"]

1. e3 e5 2. Qf3 d5 3. e4 d4 4. Bc4 Nf6 5. d3 Be7 6. Qg3 O-O 7. Nf3 Bd6 8. Nxe5
Qe8 9. Bh6 Nh5 10. Qg5 Qxe5 11. Qxe5 Bxe5 12. Bg5 Be6 13. Be7 Re8 14. Bc5 Bxc4
15. dxc4 b6 16. Bb4 d3 17. c3 Nc6 18. O-O Nf4 19. c5 Rad8 20. Na3 Nxb4 21. Nc4
Ne2+ 22. Kh1 Nc2 23. Rad1 b5 24. Na5 a6 25. Nc6 Rd7 26. Nd4 Ncxd4 27. Rxd3 Red8
28. cxd4 Rxd4 29. Re3 Rd1 30. g3 Rxf1+ 31. Kg2 Re1 32. Rf3 Bxb2 33. c6 Nd4 34.
Rd3 Nxc6 35. Rb3 Bf6 36. Ra3 a5 37. Kh3 Rxe4 38. f3 Re2 39. Rb3 Nd4 40. Rc3 c6
41. a3 h6 42. f4 Rd6 43. Kg4 Ne6 44. h3 Bxc3 45. h4 Re3 46. h5 b4 47. a4 b3 48.
Kf5 b2 49. g4 Rd5# 0-1

[Event "AUTO-INT-3475"]
[Site "http://www.queenalice.com/game.php?id=1596519"]
[Date "2020.1.17"]
[Round "2"]
[White "Billypiano"]
[Black "Nuzzera"]
[Result "1-0"]
[WhiteElo "1984"]
[BlackElo "1683"]

1. Nf3 f6 2. d4 d5 3. Bf4 g5 4. Bd2 g4 5. Ng1 h5 6. e3 h4 7. Nc3 f5 8. Bd3 Nf6
9. Nge2 c6 10. Nf4 Qb6 11. Qc1 Qc7 12. Ng6 Rh5 13. Nxf8 Kxf8 14. Ne2 c5 15. c4
h3 16. g3 cxd4 17. Nxd4 Qd7 18. Qc2 e5 19. Nb3 d4 20. O-O-O e4 21. Bf1 d3 22.
Qc3 Kf7 23. Nd4 Qa4 24. Qb3 Qe8 25. Nb5 Qc6 26. Nd4 Qc5 27. Bb4 Qe5 28. Bc3 Na6
29. Ne2 Qd6 30. Nf4 Rh6 31. c5+ Be6 32. Qxb7+ Qc7 33. Qxa8 Qxc5 34. Qb7+ Nc7 35.
Kb1 Nd5 36. Rc1 Nxf4 37. gxf4 Bd5 38. Qb4 Qc6 39. a3 Nb5 40. Bd4 d2 41. Qxd2 Qa6
42. Bxa7 Nxa3+ 43. bxa3 Qd6 44. Qxd5+ Qxd5 45. Bc4 Qxc4 46. Rxc4 Kg6 47. Bd4 Kh5
48. Rhc1 Ra6 49. Ka2 Rh6 50. Rc6 Rh7 51. Rb6 g3 52. fxg3 Kg4 53. Rcc6 Kf3 54.
Rh6 Rxh6 55. Rxh6 Kg2 56. Rxh3 Kxh3 57. a4 Kxh2 58. a5 Kxg3 59. a6 Kg4 60. a7
Kg3 61. a8=Q Kg4 62. Qg8+ Kf3 63. Qg5 Ke2 64. Qxf5 Kf3 65. Qh5+ Kf2 66. f5 Kg3
67. f6 Kf2 68. f7 Kg3 69. f8=Q Kg2 70. Qg5+ Kh3 71. Qh8# 1-0

[Event "AUTO-INT-3475"]
[Site "http://www.queenalice.com/game.php?id=1596520"]
[Date "2020.1.17"]
[Round "2"]
[White "SamuraiJOM"]
[Black "Billypiano"]
[Result "0-1"]
[WhiteElo "1723"]
[BlackElo "1972"]

1. e4 c5 2. d3 Nc6 3. Nf3 d6 4. Be3 Bg4 5. h3 Bxf3 6. Qxf3 Nf6 7. c3 e6 8. d4
cxd4 9. cxd4 Be7 10. Bc4 O-O 11. d5 Ne5 12. Qe2 Nxe4 13. Nd2 Nf6 14. Nf3 Nxc4
15. Qxc4 Nxd5 16. Bd2 Rc8 17. Qg4 Bf6 18. Rb1 Rc6 19. O-O Qc7 20. Nd4 Rc4 21.
Rbc1 Bxd4 22. Qe2 Rc8 23. b3 Rc2 24. Qd3 e5 25. Rxc2 Qxc2 26. Qxc2 Rxc2 27. a4
Rxd2 28. g3 Rc2 29. a5 Rb2 30. h4 Rxb3 31. h5 h6 32. Kg2 Rb2 33. Kg1 Nf6 34. Kg2
Nxh5 0-1

[Event "AUTO-INT-3475"]
[Site "http://www.queenalice.com/game.php?id=1596521"]
[Date "2020.1.17"]
[Round "2"]
[White "Billypiano"]
[Black "SamuraiJOM"]
[Result "1-0"]
[WhiteElo "1978"]
[BlackElo "1736"]

1. Nf3 d5 2. d4 Nc6 3. Nc3 Nf6 4. Bf4 a6 5. e3 h6 6. Bd3 Nb4 7. Be2 Bf5 8. Bd3
Nxd3+ 9. cxd3 e6 10. O-O c5 11. Rc1 c4 12. dxc4 dxc4 13. a4 Bd6 14. Be5 Bb4 15.
h3 O-O 16. Re1 Nd7 17. Bf4 Nf6 18. Ne5 g5 19. Bh2 g4 20. hxg4 Bh7 21. Nxc4 Ne4
22. Bf4 Qh4 23. Qe2 Nxc3 24. bxc3 Be7 25. Ne5 Ba3 26. Rb1 Bxb1 27. Rxb1 Rfc8 28.
c4 Qe7 29. Bxh6 f6 30. Nf3 Qh7 31. Rb3 Bd6 32. Bf4 Bxf4 33. exf4 Kf8 34. c5 Re8
35. Qd3 Qxd3 36. Rxd3 Ke7 37. a5 Rh8 38. g5 fxg5 39. Nxg5 Rh5 40. Re3 Rh6 41. d5
Rd8 42. d6+ Kf6 43. Rxe6+ Kg7 44. Rxh6 1-0

[Event "AUTO-INT-3476"]
[Site "http://www.queenalice.com/game.php?id=1614288"]
[Date "2020.5.28"]
[Round "2"]
[White "kanibal"]
[Black "Billypiano"]
[Result "1-0"]
[WhiteElo "1634"]
[BlackElo "1913"]

1. e4 c5 2. Nf3 Nc6 3. d4 cxd4 4. Nxd4 Nf6 5. Nxc6 bxc6 6. Nc3 e5 7. Bg5 Be7 8.
Bc4 O-O 9. O-O Bb7 10. Bxf6 Bxf6 11. Qg4 d5 12. exd5 cxd5 13. Bb5 Bc8 14. Qf3
1-0

[Event "AUTO-INT-3476"]
[Site "http://www.queenalice.com/game.php?id=1614289"]
[Date "2020.5.28"]
[Round "2"]
[White "Billypiano"]
[Black "kanibal"]
[Result "0-1"]
[WhiteElo "1942"]
[BlackElo "1605"]

1. d4 d5 2. c4 dxc4 3. Nc3 Nc6 4. Nf3 Nf6 5. e4 Bg4 6. Be3 e6 7. Be2 Bb4 8. O-O
O-O 9. e5 Nh5 10. Bxc4 Bxf3 11. Qxf3 g6 12. Bh6 Ng7 13. Be3 Nf5 14. Rfd1 Bxc3
0-1

[Event "AUTO-INT-3476"]
[Site "http://www.queenalice.com/game.php?id=1614292"]
[Date "2020.5.28"]
[Round "2"]
[White "Billypiano"]
[Black "CERVERO"]
[Result "0-1"]
[WhiteElo "1964"]
[BlackElo "1814"]

1. d4 d5 2. c4 dxc4 3. Nc3 e6 4. e4 Nc6 5. Be3 Bb4 6. Bxc4 Nge7 7. Nf3 O-O 8.
O-O Ng6 9. Rc1 Be7 10. Re1 Bd7 11. a3 a6 12. b4 b5 13. Ba2 Re8 14. Bb1 Bf8 15.
Qd3 Be7 16. e5 Bc8 17. Ne4 Bb7 18. Red1 Na7 19. h3 Rc8 20. Rc3 Bd5 21. Nfd2 c6
22. Rdc1 Nh4 23. Nd6 Bxd6 0-1

[Event "AUTO-INT-3476"]
[Site "http://www.queenalice.com/game.php?id=1614293"]
[Date "2020.5.28"]
[Round "2"]
[White "CERVERO"]
[Black "Billypiano"]
[Result "1-0"]
[WhiteElo "1790"]
[BlackElo "1988"]

1. e4 c5 2. Bc4 e6 3. d3 Nc6 4. Bb5 Nd4 5. Ba4 b5 6. Bb3 Nxb3 7. axb3 d5 8. exd5
exd5 9. Nf3 Nf6 10. Bg5 Be7 11. O-O O-O 12. Nbd2 Bb7 13. Re1 Re8 14. c3 h6 15.
Bh4 a6 16. h3 Nd7 17. Bxe7 Rxe7 18. Rxe7 Qxe7 19. Qe1 Qd6 20. Qe2 Qc6 21. Re1
Nf6 22. Qd1 Re8 23. Rxe8+ Qxe8 24. Qe1 Qxe1+ 25. Nxe1 1-0